History Quiz

Random History or Quote Quiz

That's What 'C' Said Quiz Stats

 Plays Quiz Updated May 15, 2015

Challenge
Share
Tweet
Embed
Score 0/20 Timer 08:00
2 Plays Today
% Correct
Is the day you have stopped leading them.
90.7%
That presented Africa in a very bad light and Africans in very lurid terms.
89.1%
It is always about people.
86.8%
To be in perfect harmony with human ambition.
86.5%
I did not make use of intelligence, mathematics or maps.
86.2%
Well, the water was the same.
85.9%
Knowledge of this weak point is our strong point.
85.6%
That only those who worked for the restoration of democracy will be allowed to use the privileges of a democracy.
85.6%
Not between right and wrong.
84.6%
But we don't want the smoking gun to be a mushroom cloud.
82.7%
% Correct
For one group of people and deny it to others.
82.2%
To use against the common enemy, with no charge and in the quantities needed and available.
80.9%
And the young white ones will come to those of my people and ask for this wisdom.
78.4%
We do not like to consider our equal.
77.1%
A lion is made up of the lambs he's digested, and I've been reading all my life.
75.8%
I'm well and strong and young -- young enough to go to the front.
74.6%
Destroying the civilization I expected them to serve.
73.4%
As fetters with which to bind down the weak.
71.4%
And the good Lord will forgive me: that's His.
71.4%
And thus make them crimes.
68.5%

You're not logged in!

Compare scores with friends on all Sporcle quizzes.
OR
Log In

You Might Also Like...

Show Comments

Extras

Top Quizzes Today


Score Distribution

Your Account Isn't Verified!

In order to create a playlist on Sporcle, you need to verify the email address you used during registration. Go to your Sporcle Settings to finish the process.

Report this User

Report this user for behavior that violates our Community Guidelines.

Details: